Opus theologicum, juxta atque philosophicum de Deo uno ubi de essentia et atributis divinis ubertim disseritur.

Detalles Bibliográficos
Autor principal: IZQUIERDO, Sebastián
Formato: Libro
Publicado: Roma 1670
Materias:
Colección:Banco de datos
Acervo:Biblioteca del Museo Regional de Querétaro. INAH. Querétaro
Descripción Física:t. II
Tema general:Teología
Notas:Regular. Ex libris del Colegio Civil. Marcas de fuego de San Francisco Xavier Qro. y de San Agustín Qro. 2G8, 22.
LEADER 00841nam a22002050004500
035 |a 33037 
036 |a 419 
100 1 |a IZQUIERDO, Sebastián 
245 1 0 |a Opus theologicum, juxta atque philosophicum de Deo uno ubi de essentia et atributis divinis ubertim disseritur. 
260 |a Roma  |b Tipografía Veresiana imp.  |c 1670 
300 |a t. II 
500 |a Regular. Ex libris del Colegio Civil. Marcas de fuego de San Francisco Xavier Qro. y de San Agustín Qro. 2G8, 22. 
650 1 0 |a Teología 
949 |a C.R.Q. 
959 |a Ex convento Grande de San Francisco de la ciudad de Querétaro, Museo Regional de Querétaro  |b CCC2 
960 |a Varias marcas de Fuego, Querétaro  |b DD83 
961 |a Varias Ordenes Religiosas  |b VO 
942 |c C.R.Q. 
943 |g Biblioteca del Museo Regional de Querétaro. INAH. Querétaro 
999 |c 989353  |d 989353